MARC

LEADER 00000nam0a2200000 4500
001 363925
005 20231102011634.0
035 |a (RuTPU)RU\TPU\retro\21274 
035 |a RU\TPU\retro\21271 
090 |a 363925 
100 |a 20211018d1958 k y0rusy50 ca 
101 0 |a rus 
102 |a RU 
105 |a a z 001zy 
200 1 |a Продление срока службы зданий на Северо-Востоке СССР  |f Т. А. Швейде  |g Всесоюзный научно-исследовательский институт золота и редких металлов 
210 |a Магадан  |c Изд-во ВНИИ-1  |d 1958 
215 |a 20 с.  |c ил. 
225 1 |a Труды ВНИИ-1 (Всесоюзного научно-исследовательского института золота и редких металлов) 
225 1 |a Местные стройматериалы  |v Вып. 8 
320 |a Библиогр.: с. 20 
606 1 |a Здания и постройки  |x Защита от разрушений  |2 stltpush  |3 (RuTPU)RU\TPU\subj\11571  |9 38492 
610 1 |a Магаданская область 
610 1 |a климат 
610 1 |a исследования 
610 1 |a модели 
610 1 |a расчеты 
675 |a 699.8  |v 4 
700 1 |a Швейде  |b Т. А. 
712 0 2 |a Всесоюзный научно-исследовательский институт золота и редких металлов  |c (Магадан)  |c (1960-1994)  |2 stltpush  |3 (RuTPU)RU\TPU\col\7605  |9 24351 
801 1 |a RU  |b 63413507  |c 20211018 
801 2 |a RU  |b 63413507  |c 20211018  |g RCR 
942 |c BK